Score 0/10 Timer 01:00
0 Plays Today
% Correct
Mustang
93.2%
Model T
86.3%
Taurus
85%
Thunderbird
75.4%
Excursion
73.8%
Pinto
71.8%
Econoline
67.7%
Flex
64.6%
Contour
58.5%
Galaxie
58.3%

Today's Daily Dose

Remove Ads.
Support Sporcle.
Get the best of Sporcle when you Go Orange. This ad-free experience offers more features, more stats, and more fun while also helping to support Sporcle. Thank you for becoming a member.

You're not logged in!

Compare scores with friends on all Sporcle quizzes.
OR
Log In

Show Comments

Extras

Top Quizzes Today


Score Distribution

Your Account Isn't Verified!

In order to create a playlist on Sporcle, you need to verify the email address you used during registration. Go to your Sporcle Settings to finish the process.

Report this User

Report this user for behavior that violates our Community Guidelines.

Details: